Tilastot visalle Portugali-visa

Klikkaa tästä pelataksesi tätä visaa!

Yleistilastot

  • Tätä visaa on pelattu 73 kertaa
  • Keskiarvotulos 10 / 20

Vastaustilastot

VihjeVastaus% Oikein
PääkaupunkiLissabon
98%
NaapurimaaEspanja
96%
Viisi kertaa maailman parhaaksi valittu jalkapalloilijaCristiano Ronaldo
85%
Niemimaa, jossa Portugali sijaitsee{Pyreneiden} niemimaa
77%
Toiseksi suurin kaupunkiPorto
71%
Saaristot AtlantillaMadeira
62%
Siirtomaa, joka on nykyään Kiinan hallinnassaMacao
62%
Valtio, jonka Portugali kolonisoi vuonna 1500Brasilia
56%
Intiaan purjehtinut tutkimusmatkailijaVasco da Gama
54%
Saaristot AtlantillaAzorit
50%
Muslimiryhmä, jotka karkotettiin Portugalista 1200-luvullaMaurit
46%
Tutkimusmatkailija, joka aloitti ensimmäisen
maapallon kietäneen tutkimusmatkan
Fernão de Magalhães
40%
Yllä olevan saariston suurin kaupunkiFunchal
37%
Entinen valuuttaEscudo
33%
Siirtomaa, jonka Intia valloitti 1961Goa
33%
Diktaattori, joka toimi pääministerinä vuosina 1932-1968António de Oliveira Salazar
31%
Eteläisin alueAlgarve
29%
Joki, jonka muodostama laakso
on merkittävä viinintuotantoalue
Duero
21%
Yllä olevan niemimaan pisin joki, tärkeä jokiliikenneväyläTajo
21%
Portugalin kansalliseepoksen "Os Lusíadasin" kirjoittajaLuís de Camões
19%

Tulosjakauma

Persentiili vastausten määrän mukaan

Jokaisen tuloksen saaneiden osuus

Tuloshistoriasi

Et ole pelannut tätä visaa